Largest City on Each Island - Statistics

General Stats
  • This quiz has been taken 171 times
    168 since last reset
  • The average score is 28 of 40
Answer Stats
Hint Answer % Correct
Great Britain London
99%
Ireland Dublin
97%
Cuba Havana
97%
Java Jakarta
97%
Honshu Tokyo
96%
Cyprus Nicosia
95%
Taiwan Taipei
95%
Iceland Reykjavik
94%
Sri Lanka Colombo
92%
Jamaica Kingston
92%
North Island Auckland
89%
Oahu Honolulu
89%
Luzon Manila
89%
Sicily Palermo
89%
Madagascar Antananarivo
88%
Hispanola Santo Domingo
88%
Tasmania Hobart
85%
New Guinea Port Moresby
85%
Puerto Rico San Juan
85%
Hokkaido Sapporo
85%
Timor Dili
83%
Greenland Nuuk
83%
Bahrain Manama
82%
Trinidad Port of Spain
70%
Mauritius Port Louis
68%
Majorca Palma
67%
Crete Heraklion
64%
Newfoundland St John's
64%
Sardinia Cagliari
55%
Bali Denpasar
55%
Corsica Ajaccio
52%
East Falkland Stanley
43%
Baffin Island Iqaluit
37%
Sulawesi Makassar
36%
Hainan Haikou
30%
New Providence Nassau
30%
Borneo Kuching
23%
Bermuda St George's
13%
Shikoku Kochi
9%
Kyushu Kagoshima
8%
No matching quizzes found
Score Distribution
Percent of People with Each Score
Percentile by Number Answered
Your Score History
You have not taken this quiz since the last reset